000
00335nam a2200157Ia 4500
003
IT-RoPAU
008
120407s9999 xx 000 0 und d
040
_a
IT-RoPAU
040
_c
IT-RoPAU
245
_a
Marie - Lourdes (1954)
245
_c
AA.VV.
300
_c
cm
490
_v
1
600
_a
annata della rivista
942
_c
BK
999
_c
13380
_d
13380